000 01105cam a22003377a 4500
003 CHAP
005 20220329142848.0
008 040928d1998 mx r 00110 spa d
010 _a88862
011 _a89834
020 _a9706549279
035 _a100385
040 _cCHAP
082 0 4 _a307
_bT6
100 0 0 _aThompson, John B.
_9112908
245 1 0 _aIdeología y cultura moderna :
_bteoría crítica social en la era de la comunicación de masas
_c/por John B. thompson
260 _aMéxico, D. F. :
_bUAM. Unidad Xochimilco,
_c1998.
300 _a482 p. : diagramas
590 _aBATCH-UPD
_b10
_c20130110
_lUCH01
_h0925
590 _aBATCH-UPD
_b10
_c20130410
_lUCH01
_h0546
590 _aBATCH-UPD
_b10
_c20130914
_lUCH01
_h1023
590 _aCONVERSION
_b10
_c20130109
_lUCH01
_h1349
650 1 4 _aComunicación de masas.
_926210
650 1 4 _aCultura.
_930401
650 1 4 _aIdeología.
_957294
650 1 4 _aSociología
_xInvestigación.
_9108204
901 _aBK
905 _aElisama A. H.
942 _cLIBRO
949 _a307.2 T6
_bBC
_cLIBRO
_d33724000871885
_eLIBRO
_gI.c/e
_h104560
_i100385
_so
999 _c88862
_d88862